Sports Quiz

Random Sports or MLB Quiz

MLB Youngest MVP Winners Quiz Stats

 Plays Quiz Updated May 24, 2018

Score 0/40 Timer 06:00
6 Plays Today
Team Player % Correct
Los Angeles AngelsMike Trout
95.4%
Los Angeles AngelsMike Trout
95.4%
Washington NationalsBryce Harper
93.7%
Boston Red SoxMookie Betts
92.5%
Chicago CubsKris Bryant
88.3%
St. Louis CardinalsAlbert Pujols
85%
Boston Red SoxDustin Pedroia
78.2%
New York YankeesMickey Mantle
77.6%
New York YankeesMickey Mantle
77.6%
Pittsburgh PiratesBarry Bonds
77.3%
Chicago White SoxFrank Thomas
77.1%
Baltimore OriolesCal Ripken Jr.
71.9%
Oakland AthleticsJose Canseco
70%
Cincinnati RedsJohnny Bench
69.6%
Cincinnati RedsJohnny Bench
69.6%
Minnesota TwinsJustin Morneau
68%
Milwaukee BravesHank Aaron
66.8%
St. Louis CardinalsStan Musial
64.3%
Chicago CubsRyne Sandberg
64.2%
New York YankeesJoe DiMaggio
62.6%
Team Player % Correct
New York GiantsWillie Mays
61.1%
New York YankeesDon Mattingly
60.3%
Philadelphia AthleticsJimmie Foxx
59.8%
Philadelphia AthleticsJimmie Foxx
59.8%
Boston Red SoxJim Rice
59.7%
New York YankeesRoger Maris
59.7%
Boston Red SoxRoger Clemens
58.6%
Detroit TigersHank Greenberg
49.5%
Boston Red SoxFred Lynn
48.6%
Cincinnati RedsFrank Robinson
44.9%
Los Angeles DodgersSteve Garvey
39.3%
Oakland AthleticsVida Blue
37.7%
St. Louis CardinalsKeith Hernandez
33.8%
Detroit TigersDenny McLain
32.6%
St. Louis CardinalsDizzy Dean
27.6%
Texas RangersJeff Burroughs
24.8%
Detroit TigersHal Newhouser
23.4%
Detroit TigersHal Newhouser
23.4%
St. Louis CardinalsJoe Medwick
20.5%
Minnesota TwinsZoilo Versalles
16.6%

You're not logged in!

Compare scores with friends on all Sporcle quizzes.
OR
Log In

Sporcle TV

Today on Sporcle TV


Watch our educational content, quiz creation guides, and fun videos on Sporcle TV.

Show Comments

Extras

Top Quizzes Today


Score Distribution

Your Account Isn't Verified!

In order to create a playlist on Sporcle, you need to verify the email address you used during registration. Go to your Sporcle Settings to finish the process.

Report this User

Report this user for behavior that violates our Community Guidelines.

Details: